| 000 | 01616nam a2200361Ia 4500 | ||
|---|---|---|---|
| 001 | ebr10742467 | ||
| 003 | CaPaEBR | ||
| 006 | m o u | ||
| 007 | cr cn||||||||| | ||
| 008 | 130315s2013 nyu sb 001 0 eng d | ||
| 010 | _z 2013010654 | ||
| 020 | _z9780801469602 | ||
| 020 | _z9780801449673 (cloth : alk. paper) | ||
| 040 |
_aCaPaEBR _cCaPaEBR |
||
| 035 | _a(OCoLC)857065599 | ||
| 050 | 1 | 4 |
_aH62.5.U5 _bR64 2013eb |
| 082 | 0 | 4 |
_a300.72/073 _223 |
| 100 | 1 |
_aRohde, Joy, _d1977- |
|
| 245 | 1 | 0 |
_aArmed with expertise _h[electronic resource] : _bthe militarization of American social research during the Cold War / _cJoy Rohde. |
| 260 |
_aIthaca : _bCornell University Press, _c2013. |
||
| 300 | _ax, 213 p. | ||
| 490 | 0 | _aAmerican institutions and society | |
| 500 | _a"Published in association with the University of Virgina's Miller Center of Public Affairs." | ||
| 504 | _aIncludes bibliographical references and index. | ||
| 533 |
_aElectronic reproduction. _bPalo Alto, Calif. : _cebrary, _d2013. _nAvailable via World Wide Web. _nAccess may be limited to ebrary affiliated libraries. |
||
| 650 | 0 |
_aSocial sciences _xResearch _zUnited States _xHistory _y20th century. |
|
| 650 | 0 |
_aSociology, Military _xResearch _zUnited States _xHistory _y20th century. |
|
| 650 | 0 |
_aSocial sciences and state _zUnited States _xHistory _y20th century. |
|
| 650 | 0 |
_aCold War _xSocial aspects _zUnited States. |
|
| 655 | 7 |
_aElectronic books. _2local |
|
| 710 | 2 | _aebrary, Inc. | |
| 856 | 4 | 0 |
_uhttp://site.ebrary.com/lib/rucke/Doc?id=10742467 _zAn electronic book accessible through the World Wide Web; click to view |
| 999 |
_c35353 _d35353 |
||